000 00431nam a22001697a 4500
005 20180725103050.0
008 160513b xxu||||| |||| 00| 0 eng d
020 _a978-81-203-3565-3
041 _aeng
082 _b1942
_a658.3
100 _aStephen P. Robbins Timothy A. Judge
_94613
245 _aOrganizational Behaviour
260 _aNew Delhi
_bPHI,
_cnew delhi
300 _a681p,
650 _aManagement
_9241
942 _cBK
999 _c730
_d730